| 000 | 00528 a2200181 4500 | ||
|---|---|---|---|
| 003 | OSt | ||
| 005 | 20240118091856.0 | ||
| 008 | 240118b |||||||| |||| 00| 0 eng d | ||
| 020 | _a9788182719507 | ||
| 040 | _coclc | ||
| 082 |
_a954 _bHUS/I |
||
| 100 |
_aHussain, K T _91920 |
||
| 245 |
_aIndiayude Samoohika Roopeekaranavum Muslimkalum / _cK.T. Hussain |
||
| 250 | _a2nd ed. | ||
| 260 |
_aKozhikode: _bIslamic Publishing House, _c2022. |
||
| 300 | _a400p. | ||
| 942 |
_2ddc _cBK _h954 _iHUS/I _k954 _mHUS/I |
||
| 999 |
_c43235 _d43235 |
||